Lepší než pomsta /

Může láska překonat i touhu po pomstě? Další romantický příběh od oblíbené autorky.

Uloženo v:
Hlavní autor: West, Kasie (Autor)
Další autoři: Špínová, Adéla, 1990- (Autor)
Médium: Kniha
Jazyk:Czech
Vydáno: V Praze : CooBoo, 2026
Vydání:1. vydání
Témata:
Celkem bylo vypůjčeno:0x
Tagy:
Žádné tagy
LEADER 02397nam a2200505 i 4500
001 106337
003 CZ PrNK
005 20260514074127.0
007 ta
008 260313s2026 xr d 000 f cze
015 |a cnb003745515 
020 |a 9788026741619  |q (vázáno) :  |c Kč 399,00 
040 |a ABG001  |b cze  |e rda 
041 1 |a cze  |h eng 
072 7 |a 821.111(73)-3  |x Americká próza  |2 Konspekt  |9 25 
072 7 |a 821-93  |x Literatura pro děti a mládež (beletrie)  |2 Konspekt  |9 26 
080 |a 821.111(73)-31  |2 MRF 
080 |a 821-93-053.67  |2 MRF 
080 |a 821-93  |2 MRF 
080 |a (0:82-31)-055.25  |2 MRF 
100 1 |a West, Kasie  |7 xx0213442  |4 aut  |9 31158 
240 1 0 |a Better than revenge.  |l Česky 
245 1 0 |a Lepší než pomsta /  |c Kasie West ; přeložila Adéla Špínová 
250 |a 1. vydání 
264 1 |a V Praze :  |b CooBoo,  |c 2026 
300 |a 312 stran ;  |c 21 cm 
336 |a text  |b txt  |2 rdacontent 
337 |a bez média  |b n  |2 rdamedia 
338 |a svazek  |b nc  |2 rdacarrier 
500 |a Přeloženo z angličtiny 
520 2 |a Může láska překonat i touhu po pomstě? Další romantický příběh od oblíbené autorky.  |b Sedmnáctiletá Finley už roky sní o tom, že získá místo ve školním podcastovém týmu. Jenže její fotbalem posedlý přítel Jensen jí ukradne nápad i vysněnou pozici. Finley se rozhodne, že se pomstí a vezme mu jeho místo ve fotbalovém týmu. A tak si na trénink přizve jeho namyšleného, ale okouzlujícího rivala Thea. Brzy však zjišťuje, že ji k Theovi nepřitahuje jen touha po odvetě. Je opravdová láska víc než perfektní pomsta? Nakladatelská anotace. 
655 7 |a americké romány  |7 fd131796  |2 czenas  |9 53403 
655 7 |a dívčí romány  |7 fd132186  |2 czenas  |9 53570 
655 7 |a literatura young adult  |7 fd1185572  |2 czenas  |9 114939 
655 7 |a publikace pro mládež  |7 fd133157  |2 czenas  |9 110 
655 9 |a American fiction  |2 eczenas 
655 9 |a girls' novels  |2 eczenas 
655 9 |a young adult literature  |2 eczenas 
655 9 |a juvenile literature  |2 eczenas 
700 1 |a Špínová, Adéla,  |d 1990-  |7 xx0097944  |4 trl  |9 23762 
710 2 |a CooBoo (nakladatelství)  |7 xx0255713  |4 pbl  |9 117181 
910 |a UOG502 
942 |2 ddc  |c KN 
999 |d 106337 
993 |0 0  |1 421180107058  |2 ddc  |4 0  |7 0  |9 99719  |b 0  |c 107058  |d 2026-05-14  |e 0  |f DOSP  |h 399.00  |i Koupě  |l DOSP  |r 2026-05-14  |t 6  |w 2026-05-14  |y KN  |z BELETM  |n